| 000 | 00666nam a2200253 a 4500 | ||
|---|---|---|---|
| 001 | BRL_1368 | ||
| 005 | 20190320211153.0 | ||
| 008 | 090114s1977----nyuao#####---#000-0#eng-# | ||
| 020 | _a0823008606 | ||
| 041 | _aeng | ||
| 044 | _anyu | ||
| 050 | 4 |
_aTT847 _b.C76 1977 |
|
| 100 | 1 |
_aCrockett, Candace _d1945- _926666 |
|
| 245 | 1 | 0 |
_aThe complete spinning book _cBy Candace Crockett. |
| 260 |
_aNew York _bWatson-Guptill _c1977 |
||
| 300 |
_a215 p. _bil. _c29 cm. |
||
| 500 | _aAu1606 | ||
| 500 | _aIncluye índice | ||
| 504 | _aBibliografía: p. 212-213 | ||
| 650 | 1 | 4 |
_aHilado a mano _926667 |
| 650 | 1 | 4 |
_aHilandería _926513 |
| 902 | _aGRL | ||
| 942 |
_2lcc _cB |
||
| 999 |
_c10179 _d10179 |
||